Pays et leur code international - Statistiques

Statistiques générales
  • Ce quiz a été pris 43 fois
  • Le résultat moyen est 15 sur 30
Statistiques - réponses
Code Réponse % Correct
🇫🇷 France
100%
🇯🇵 Japon
100%
🇨🇦 Canada
92%
🇧🇷 Brésil
90%
🇺🇸 Etats-Unis
90%
🇮🇹 Italie
90%
🇦🇺 Australie
87%
🇮🇳 Inde
87%
🇩🇪 Allemagne
82%
🇸🇪 Suède
69%
🇪🇸 Espagne
67%
🇰🇿 Kazakhstan
54%
🇱🇧 Liban
49%
🇹🇬 Togo
46%
🇿🇦 Afrique du Sud
44%
🇹🇻 Tuvalu
44%
🇲🇬 Madagascar
36%
🇪🇷 Erythrée
33%
🇲🇰 Macédoine du Nord
33%
🇦🇲 Arménie
31%
🇧🇹 Bhoutan
31%
🇲🇷 Mauritanie
31%
🇱🇸 Lesotho
28%
🇹🇯 Tadjikistan
28%
🇬🇾 Guyana
23%
🇲🇪 Monténégro
21%
🇧🇮 Burundi
15%
🇰🇲 Comores
15%
🇱🇨 Sainte-Lucie
13%
🇻🇨 Saint-Vincent-et-les-Grenadines
13%
Aucun quiz correspondant
Distribution des résultats
% des personnes avec chaque résultat
Percentile par nombre de réponses
Votre historique - résultats
Vous n’avez pas pris ce quiz